[Event "CZE-ch Amateurs 2022"]
[Site "Luhacovice"]
[Date "2022.03.17"]
[Round "7.6"]
[White "Horvath, Tomas"]
[Black "Jedlicka, Ales"]
[Result "1-0"]
[WhiteElo "2079"]
[BlackElo "2223"]
[Annotator "ChessBase"]
[PlyCount "113"]
[EventDate "2022.03.12"]
[EventType "swiss"]
[EventCountry "CZE"]
[SourceTitle "playchess.com"]
[Source "ChessBase"]
[SourceQuality "1"]
[TimeControl "5400+30"]

1. e4 {[%emt 0:00:05]} c5 {[%emt 0:00:15]} 2. d4 {[%emt 0:00:04]} cxd4 {[%emt 0:00:16]} 3. c3 {[%emt 0:00:05]} Nf6 {[%emt 0:00:17]} 4. e5 {[%emt 0:00:06]} Nd5 {[%emt 0:00:08]} 5. Nf3 {[%emt 0:00:06]} e6 {[%emt 0:00:16]} 6. Qxd4 {[%emt 0:01:03]} Nc6 {[%emt 0:00:23]} 7. Qe4 {[%emt 0:00:06]} d6 {[%emt 0:00:29]} 8. exd6 {[%emt 0:02:09]} Bxd6 {[%emt 0:00:54]} 9. Bd3 {[%emt 0:01:11]} Nf6 {[%emt 0:00:59]} 10. Qh4 {[%emt 0:09:05]} Be7 {[%emt 0:08:38]} 11. Bc2 {[%emt 0:02:41]} Qc7 {[%emt 0:04:38]} 12. O-O {[%emt 0:05:05]} Nd5 {[%emt 0:01:00]} 13. Qg4 {[%emt 0:03:56]} g6 {[%emt 0:01:09]} 14. Bg5 {[%emt 0:01:47]} e5 {[%emt 0:09:46]} 15. Qh4 {[%emt 0:04:43]} Be6 {[%emt 0:04:24]} 16. Bxe7 {[%emt 0:06:18]} Qxe7 {[%emt 0:00:24]} 17. Qa4 {[%emt 0:03:36]} O-O {[%emt 0:01:07]} 18. Re1 {[%emt 0:00:42]} f6 {[%emt 0:01:13]} 19. Nbd2 {[%emt 0:02:27]} Rfd8 {[%emt 0:05:18]} 20. Rad1 {[%emt 0:04:27]} Rac8 {[%emt 0:01:18]} 21. Qh4 {[%emt 0:02:52]} g5 {[%emt 0:05:03]} 22. Qh6 {[%emt 0:03:10]} Qg7 {[%emt 0:02:03]} 23. Qxg7+ {[%emt 0:00:16]} Kxg7 {[%emt 0:00:09]} 24. Ne4 {[%emt 0:01:15]} b6 {[%emt 0:07:27]} 25. Ng3 {[%emt 0:03:18]} Nde7 {[%emt 0:05:39]} 26. a3 {[%emt 0:06:10]} Na5 {[%emt 0:04:13]} 27. Nd2 {[%emt 0:11:34]} Rc7 {[%emt 0:01:36]} 28. Nde4 {[%emt 0:01:16]} Rxd1 {[%emt 0:04:31]} 29. Rxd1 {[%emt 0:00:35]} Bf7 {[%emt 0:11:57]} 30. Nd6 {[%emt 0:02:53]} Bg6 {[%emt 0:00:35]} 31. Bxg6 {[%emt 0:05:04]} Kxg6 {[%emt 0:00:11]} 32. Kf1 {[%emt 0:03:44]} a6 {[%emt 0:01:21]} 33. Ke2 {[%emt 0:01:25]} b5 {[%emt 0:04:02]} 34. Nge4 {[%emt 0:01:59]} Rc6 {[%emt 0:02:15]} 35. Ne8 {[%emt 0:02:30]} f5 {[%emt 0:02:45]} 36. Rd6+ {[%emt 0:02:32]} Kf7 {[%emt 0:00:44]} 37. Rxc6 {[%emt 0:00:37]} Nexc6 {[%emt 0:00:38]} 38. N4d6+ {[%emt 0:01:55]} Ke6 {[%emt 0:03:15]} 39. b4 {[%emt 0:00:31]} Nc4 {[%emt 0:04:55]} 40. Nxc4 {[%emt 0:00:09]} bxc4 {[%emt 0:00:10]} 41. Nc7+ {[%emt 0:00:09]} Kd6 {[%emt 0:00:18]} 42. Nxa6 {[%emt 0:00:07]} e4 {[%emt 0:00:25]} 43. a4 {[%emt 0:01:47]} f4 {[%emt 0:00:30]} 44. Nc5 {[%emt 0:00:26]} Kd5 {[%emt 0:00:25]} 45. Nd7 {[%emt 0:00:44]} g4 {[%emt 0:02:01]} 46. Nb6+ {[%emt 0:01:05]} Ke6 {[%emt 0:00:28]} 47. Nxc4 {[%emt 0:00:19]} Ne7 {[%emt 0:00:20]} 48. a5 {[%emt 0:01:34]} Kd5 {[%emt 0:00:46]} 49. a6 {[%emt 0:01:11]} Nc8 {[%emt 0:00:06]} 50. Na5 {[%emt 0:00:26]} h5 {[%emt 0:00:45]} 51. c4+ {[%emt 0:00:26]} Kd4 {[%emt 0:00:22]} 52. c5 {[%emt 0:00:49]} f3+ {[%emt 0:00:44]} 53. gxf3 {[%emt 0:00:21]} exf3+ {[%emt 0:00:17]} 54. Ke1 {[%emt 0:00:38]} Na7 {[%emt 0:01:05]} 55. Nb7 {[%emt 0:01:06]} Kc4 {[%emt 0:00:30]} 56. c6 {[%emt 0:00:52]} Kxb4 {[%emt 0:01:01]} 57. c7 {[%emt 0:01:15]} 1-0

[Event "CZE-ch Amateurs 2022"]
[Site "Luhacovice"]
[Date "2022.03.17"]
[Round "7.7"]
[White "Nemec, Pavel"]
[Black "Bokhnak, Timofey"]
[Result "1/2-1/2"]
[WhiteElo "2223"]
[BlackElo "1978"]
[Annotator "ChessBase"]
[PlyCount "121"]
[EventDate "2022.03.12"]
[EventType "swiss"]
[EventCountry "CZE"]
[SourceTitle "playchess.com"]
[Source "ChessBase"]
[SourceQuality "1"]
[TimeControl "5400+30"]

1. e4 {[%emt 0:00:03]} c5 {[%emt 0:00:10]} 2. Nc3 {[%emt 0:00:07]} e6 {[%emt 0:00:20]} 3. Nf3 {[%emt 0:01:54]} a6 {[%emt 0:00:26]} 4. g3 {[%emt 0:00:58]} Nc6 {[%emt 0:05:59]} 5. Bg2 {[%emt 0:00:25]} g6 {[%emt 0:02:48]} 6. d4 {[%emt 0:02:08]} cxd4 {[%emt 0:01:45]} 7. Nxd4 {[%emt 0:00:02]} Bg7 {[%emt 0:00:54]} 8. Be3 {[%emt 0:00:08]} Nge7 {[%emt 0:02:14]} 9. Nxc6 {[%emt 0:03:10]} Nxc6 {[%emt 0:04:53]} 10. O-O {[%emt 0:05:40]} O-O {[%emt 0:01:00]} 11. Bc5 {[%emt 0:00:37]} Re8 {[%emt 0:00:13]} 12. Qd2 {[%emt 0:16:07]} Ne5 {[%emt 0:08:10]} 13. b3 {[%emt 0:09:45]} Nc6 {[%emt 0:12:27]} 14. Rad1 {[%emt 0:02:40]} b5 {[%emt 0:05:46]} 15. e5 {[%emt 0:00:45]} Qa5 {[%emt 0:01:40]} 16. Bxc6 {[%emt 0:04:44]} dxc6 {[%emt 0:01:13]} 17. Qe3 {[%emt 0:00:08]} b4 {[%emt 0:10:47]} 18. Na4 {[%emt 0:02:19]} Rb8 {[%emt 0:04:27]} 19. Rfe1 {[%emt 0:22:47]} Bf8 {[%emt 0:02:29]} 20. Bd6 {[%emt 0:03:36]} Rb5 {[%emt 0:01:29]} 21. c4 {[%emt 0:00:38]} bxc3 {[%emt 0:03:13]} 22. Nxc3 {[%emt 0:00:02]} Bh6 {[%emt 0:02:24]} 23. Qf3 {[%emt 0:02:31]} Rb7 {[%emt 0:01:24]} 24. Ne4 {[%emt 0:01:48]} Bg7 {[%emt 0:00:08]} 25. Nc5 {[%emt 0:01:37]} Rb6 {[%emt 0:02:36]} 26. Na4 {[%emt 0:01:06]} Rb7 {[%emt 0:03:43]} 27. Nc5 {[%emt 0:02:13]} Rb6 {[%emt 0:00:23]} 28. Qe3 {[%emt 0:03:59]} Rb5 {[%emt 0:02:17]} 29. a4 {[%emt 0:01:05]} Rb4 {[%emt 0:00:07]} 30. Ne4 {[%emt 0:00:29]} Rb7 {[%emt 0:00:36]} 31. b4 {[%emt 0:00:18]} Qd8 {[%emt 0:00:32]} 32. Nc5 {[%emt 0:01:03]} Rxb4 {[%emt 0:01:22]} 33. Nxe6 {[%emt 0:00:13]} Bxe6 {[%emt 0:00:25]} 34. Bxb4 {[%emt 0:00:06]} Bd5 {[%emt 0:00:03]} 35. f4 {[%emt 0:01:12]} g5 {[%emt 0:00:29]} 36. Bc3 {[%emt 0:01:43]} gxf4 {[%emt 0:03:31]} 37. gxf4 {[%emt 0:00:02]} Bh6 {[%emt 0:03:56]} 38. Qg3+ {[%emt 0:01:01]} Kh8 {[%emt 0:01:27]} 39. e6+ {[%emt 0:02:20]} f6 {[%emt 0:00:02]} 40. Qh4 {[%emt 0:03:44]} Bg7 {[%emt 0:07:45]} 41. f5 {[%emt 0:00:23]} Qe7 {[%emt 0:00:35]} 42. Kf2 {[%emt 0:00:56]} Qc5+ {[%emt 0:00:09]} 43. Qd4 {[%emt 0:00:09]} Qd6 {[%emt 0:00:04]} 44. Rg1 {[%emt 0:03:04]} Qxh2+ {[%emt 0:01:12]} 45. Kf1 {[%emt 0:00:41]} Qh3+ {[%emt 0:00:08]} 46. Ke1 {[%emt 0:01:21]} Qxf5 {[%emt 0:00:02]} 47. Rxg7 {[%emt 0:00:46]} Kxg7 {[%emt 0:00:33]} 48. Qa7+ {[%emt 0:01:10]} Kh8 {[%emt 0:00:06]} 49. e7 {[%emt 0:00:17]} Rg8 {[%emt 0:00:49]} 50. Qd4 {[%emt 0:00:47]} Kg7 {[%emt 0:02:15]} 51. Kd2 {[%emt 0:00:18]} Kf7 {[%emt 0:00:16]} 52. Kc1 {[%emt 0:00:44]} Rg2 {[%emt 0:01:53]} 53. Bd2 {[%emt 0:00:35]} Rg4 {[%emt 0:00:12]} 54. Qe3 {[%emt 0:00:28]} Re4 {[%emt 0:00:26]} 55. Qg3 {[%emt 0:00:25]} Rc4+ {[%emt 0:01:11]} 56. Bc3 {[%emt 0:00:01]} Qg5+ {[%emt 0:00:25]} 57. Qxg5 {[%emt 0:00:08]} fxg5 {[%emt 0:00:02]} 58. Re1 {[%emt 0:00:24]} Re4 {[%emt 0:00:29]} 59. Rxe4 {[%emt 0:00:13]} Bxe4 {[%emt 0:00:02]} 60. Bf6 {[%emt 0:00:48]} g4 {[%emt 0:00:07]} 61. Bh4 {[%emt 0:00:10]} 1/2-1/2

[Event "CZE-ch Amateurs 2022"]
[Site "Luhacovice"]
[Date "2022.03.17"]
[Round "7.8"]
[White "Kupsa, Matej"]
[Black "Vanek, Ladislav"]
[Result "0-1"]
[WhiteElo "2097"]
[BlackElo "2221"]
[Annotator "ChessBase"]
[PlyCount "88"]
[EventDate "2022.03.12"]
[EventType "swiss"]
[EventCountry "CZE"]
[SourceTitle "playchess.com"]
[Source "ChessBase"]
[SourceQuality "1"]
[TimeControl "5400+30"]

1. e4 {[%emt 0:00:03]} b6 {[%emt 0:00:26]} 2. Nc3 {[%emt 0:02:17]} Bb7 {[%emt 0:00:14]} 3. f4 {[%emt 0:01:13]} e6 {[%emt 0:00:52]} 4. Nf3 {[%emt 0:02:23]} Bb4 {[%emt 0:02:02]} 5. d3 {[%emt 0:04:16]} d5 {[%emt 0:00:24]} 6. Bd2 {[%emt 0:03:04]} Nf6 {[%emt 0:14:17]} 7. e5 {[%emt 0:05:46]} Nfd7 {[%emt 0:00:06]} 8. Ne2 {[%emt 0:01:48]} Be7 {[%emt 0:01:33]} 9. g4 {[%emt 0:13:37]} c5 {[%emt 0:08:00]} 10. Ng3 {[%emt 0:00:15]} Nc6 {[%emt 0:00:35]} 11. c3 {[%emt 0:03:40]} Qc7 {[%emt 0:00:47]} 12. d4 {[%emt 0:00:27]} c4 {[%emt 0:06:51]} 13. f5 {[%emt 0:06:46]} b5 {[%emt 0:03:18]} 14. g5 {[%emt 0:09:43]} g6 {[%emt 0:16:41]} 15. fxe6 {[%emt 0:05:58]} fxe6 {[%emt 0:00:06]} 16. Bh3 {[%emt 0:02:40]} Nf8 {[%emt 0:00:29]} 17. a3 {[%emt 0:10:30]} Rg8 {[%emt 0:08:30]} 18. Bg4 {[%emt 0:01:03]} Bd8 {[%emt 0:01:13]} 19. h4 {[%emt 0:09:30]} Ne7 {[%emt 0:00:18]} 20. Qc2 {[%emt 0:00:30]} Bc6 {[%emt 0:01:52]} 21. Nf1 {[%emt 0:02:04]} Nf5 {[%emt 0:00:56]} 22. Ke2 {[%emt 0:01:53]} Be7 {[%emt 0:01:27]} 23. Bh3 {[%emt 0:00:23]} a5 {[%emt 0:00:36]} 24. Bf4 {[%emt 0:00:46]} Rg7 {[%emt 0:04:40]} 25. Ne3 {[%emt 0:00:06]} Rf7 {[%emt 0:02:04]} 26. Bh2 {[%emt 0:00:15]} Qb6 {[%emt 0:05:10]} 27. Ng4 {[%emt 0:01:01]} O-O-O {[%emt 0:00:13]} 28. Nf6 {[%emt 0:00:17]} Nd7 {[%emt 0:06:30]} 29. Bf4 {[%emt 0:00:21]} Qb7 {[%emt 0:00:34]} 30. Bg4 {[%emt 0:02:01]} Nc5 {[%emt 0:03:21]} 31. Bxf5 {[%emt 0:05:41]} gxf5 {[%emt 0:00:40]} 32. Rhg1 {[%emt 0:01:40]} Ne4 {[%emt 0:03:29]} 33. Nd2 {[%emt 0:00:47]} Qc7 {[%emt 0:03:53]} 34. Ndxe4 {[%emt 0:00:36]} dxe4 {[%emt 0:00:31]} 35. Qd2 {[%emt 0:00:54]} Kb7 {[%emt 0:01:38]} 36. g6 {[%emt 0:00:49]} hxg6 {[%emt 0:01:01]} 37. Rxg6 {[%emt 0:00:02]} Qc8 {[%emt 0:01:52]} 38. h5 {[%emt 0:01:19]} Rh8 {[%emt 0:00:53]} 39. h6 {[%emt 0:00:22]} Qf8 {[%emt 0:00:26]} 40. Bg5 {[%emt 0:00:39]} Qd8 {[%emt 0:01:03]} 41. Qf4 {[%emt 0:00:56]} e3 {[%emt 0:00:39]} 42. h7 {[%emt 0:00:58]} b4 {[%emt 0:00:00]} 43. Rg8 {[%emt 0:01:07]} Rfxh7 {[%emt 0:00:20]} 44. Nxh7 {[%emt 0:01:30]} Rxg8 {[%emt 0:00:07]} 0-1

[Event "CZE-ch Amateurs 2022"]
[Site "Luhacovice"]
[Date "2022.03.17"]
[Round "7.9"]
[White "Sremanak, Slavomir"]
[Black "Merva, Frantisek"]
[Result "1-0"]
[WhiteElo "2187"]
[BlackElo "2025"]
[Annotator "ChessBase"]
[PlyCount "155"]
[EventDate "2022.03.12"]
[EventType "swiss"]
[EventCountry "CZE"]
[SourceTitle "playchess.com"]
[Source "ChessBase"]
[SourceQuality "1"]
[TimeControl "5400+30"]

1. c4 {[%emt 0:00:06]} e6 {[%emt 0:00:20]} 2. Nc3 {[%emt 0:00:32]} d5 {[%emt 0:00:43]} 3. d4 {[%emt 0:00:18]} c6 {[%emt 0:00:20]} 4. e4 {[%emt 0:01:23]} dxe4 {[%emt 0:01:14]} 5. Nxe4 {[%emt 0:00:20]} Bb4+ {[%emt 0:00:56]} 6. Nc3 {[%emt 0:00:06]} Nf6 {[%emt 0:00:56]} 7. Qb3 {[%emt 0:03:57]} c5 {[%emt 0:06:03]} 8. dxc5 {[%emt 0:04:55]} Nc6 {[%emt 0:00:37]} 9. Nf3 {[%emt 0:01:21]} Bxc5 {[%emt 0:05:59]} 10. Be2 {[%emt 0:00:31]} Qb6 {[%emt 0:04:03]} 11. Qxb6 {[%emt 0:00:40]} Bxb6 {[%emt 0:00:19]} 12. O-O {[%emt 0:00:26]} O-O {[%emt 0:00:04]} 13. Bf4 {[%emt 0:03:04]} Re8 {[%emt 0:08:58]} 14. Na4 {[%emt 0:03:32]} Nd4 {[%emt 0:01:38]} 15. Bd1 {[%emt 0:00:40]} Nxf3+ {[%emt 0:00:16]} 16. Bxf3 {[%emt 0:00:07]} Bd4 {[%emt 0:00:04]} 17. Nc3 {[%emt 0:02:46]} e5 {[%emt 0:00:24]} 18. Bg5 {[%emt 0:01:26]} Rb8 {[%emt 0:03:31]} 19. Rac1 {[%emt 0:05:45]} h6 {[%emt 0:01:29]} 20. Bh4 {[%emt 0:01:12]} g5 {[%emt 0:00:53]} 21. Bg3 {[%emt 0:00:05]} g4 {[%emt 0:00:25]} 22. Bd5 {[%emt 0:03:52]} Nxd5 {[%emt 0:04:33]} 23. Nxd5 {[%emt 0:00:25]} Kg7 {[%emt 0:00:10]} 24. Rfd1 {[%emt 0:19:28]} Bf5 {[%emt 0:04:06]} 25. Rxd4 {[%emt 0:01:42]} exd4 {[%emt 0:00:13]} 26. Bxb8 {[%emt 0:00:07]} Rxb8 {[%emt 0:00:08]} 27. Rd1 {[%emt 0:00:49]} Re8 {[%emt 0:00:31]} 28. Kf1 {[%emt 0:00:32]} Re4 {[%emt 0:03:10]} 29. b3 {[%emt 0:10:53]} h5 {[%emt 0:07:47]} 30. Rd2 {[%emt 0:00:27]} Kg6 {[%emt 0:08:23]} 31. f3 {[%emt 0:01:44]} gxf3 {[%emt 0:00:25]} 32. gxf3 {[%emt 0:00:05]} Rh4 {[%emt 0:03:42]} 33. Kg2 {[%emt 0:00:14]} Be6 {[%emt 0:04:46]} 34. Kg3 {[%emt 0:02:00]} Rh3+ {[%emt 0:00:58]} 35. Kf4 {[%emt 0:00:08]} f6 {[%emt 0:01:01]} 36. Nc7 {[%emt 0:09:24]} Bd7 {[%emt 0:09:49]} 37. b4 {[%emt 0:02:15]} Bc6 {[%emt 0:02:10]} 38. Nd5 {[%emt 0:01:35]} Kf7 {[%emt 0:00:05]} 39. Rf2 {[%emt 0:02:22]} b5 {[%emt 0:00:53]} 40. Ke4 {[%emt 0:00:34]} bxc4 {[%emt 0:00:16]} 41. Kxd4 {[%emt 0:00:07]} c3 {[%emt 0:08:39]} 42. Kc5 {[%emt 0:01:49]} Bb7 {[%emt 0:00:44]} 43. Nxc3 {[%emt 0:00:31]} Bxf3 {[%emt 0:00:50]} 44. Nb5 {[%emt 0:00:43]} a6 {[%emt 0:04:18]} 45. Nd4 {[%emt 0:00:11]} Be4 {[%emt 0:00:28]} 46. Rf4 {[%emt 0:03:46]} Bb1 {[%emt 0:01:20]} 47. Nf3 {[%emt 0:00:20]} Kg6 {[%emt 0:01:35]} 48. a4 {[%emt 0:00:13]} Bc2 {[%emt 0:00:09]} 49. a5 {[%emt 0:02:04]} Ba4 {[%emt 0:01:00]} 50. Kb6 {[%emt 0:00:32]} Bb5 {[%emt 0:00:15]} 51. Nd4 {[%emt 0:00:10]} Bd3 {[%emt 0:02:04]} 52. Rf2 {[%emt 0:00:15]} Rh4 {[%emt 0:00:30]} 53. Kc5 {[%emt 0:01:38]} f5 {[%emt 0:00:11]} 54. b5 {[%emt 0:01:37]} axb5 {[%emt 0:00:23]} 55. a6 {[%emt 0:00:08]} Be4 {[%emt 0:01:24]} 56. a7 {[%emt 0:00:42]} Rh3 {[%emt 0:00:00]} 57. Nxf5 {[%emt 0:00:24]} Ra3 {[%emt 0:01:10]} 58. Nd6 {[%emt 0:00:41]} Ba8 {[%emt 0:01:29]} 59. Nxb5 {[%emt 0:02:08]} Ra1 {[%emt 0:00:04]} 60. Rf8 {[%emt 0:01:02]} Bh1 {[%emt 0:00:05]} 61. Kb6 {[%emt 0:01:21]} Kg5 {[%emt 0:00:13]} 62. Rg8+ {[%emt 0:01:31]} Kh4 {[%emt 0:00:12]} 63. Rg3 {[%emt 0:00:10]} Ra2 {[%emt 0:00:26]} 64. Nd4 {[%emt 0:00:26]} Be4 {[%emt 0:00:49]} 65. Nf3+ {[%emt 0:02:20]} Bxf3 {[%emt 0:00:06]} 66. Rxf3 {[%emt 0:00:05]} Rb2+ {[%emt 0:00:23]} 67. Kc5 {[%emt 0:01:56]} Ra2 {[%emt 0:00:07]} 68. Rf7 {[%emt 0:00:30]} Kh3 {[%emt 0:00:11]} 69. Kb4 {[%emt 0:01:45]} h4 {[%emt 0:00:22]} 70. Rf3+ {[%emt 0:00:08]} Kxh2 {[%emt 0:01:46]} 71. Ra3 {[%emt 0:00:08]} Rxa3 {[%emt 0:00:33]} 72. Kxa3 {[%emt 0:00:05]} Kg1 {[%emt 0:00:08]} 73. a8=Q {[%emt 0:00:11]} h3 {[%emt 0:00:03]} 74. Qg8+ {[%emt 0:00:19]} Kh1 {[%emt 0:00:15]} 75. Qd5+ {[%emt 0:00:06]} Kg1 {[%emt 0:00:07]} 76. Qd4+ {[%emt 0:00:20]} Kh1 {[%emt 0:00:07]} 77. Qe4+ {[%emt 0:00:08]} Kg1 {[%emt 0:02:53]} 78. Qg4+ {[%emt 0:00:06]} 1-0

[Event "CZE-ch Amateurs 2022"]
[Site "Luhacovice"]
[Date "2022.03.17"]
[Round "7.10"]
[White "Navratilik, Pavel"]
[Black "Novotny, Jaroslav"]
[Result "0-1"]
[WhiteElo "2082"]
[BlackElo "2190"]
[Annotator "ChessBase"]
[PlyCount "104"]
[EventDate "2022.03.12"]
[EventType "swiss"]
[EventCountry "CZE"]
[SourceTitle "playchess.com"]
[Source "ChessBase"]
[SourceQuality "1"]
[TimeControl "5400+30"]

1. d4 {[%emt 0:00:06]} g6 {[%emt 0:00:07]} 2. c4 {[%emt 0:00:06]} Bg7 {[%emt 0:00:06]} 3. Nc3 {[%emt 0:00:13]} d6 {[%emt 0:00:30]} 4. g3 {[%emt 0:00:42]} Nf6 {[%emt 0:01:08]} 5. Bg2 {[%emt 0:00:23]} O-O {[%emt 0:00:13]} 6. Nf3 {[%emt 0:00:18]} Nc6 {[%emt 0:01:05]} 7. O-O {[%emt 0:00:52]} Bf5 {[%emt 0:00:41]} 8. d5 {[%emt 0:03:44]} Na5 {[%emt 0:00:30]} 9. Nd2 {[%emt 0:01:21]} c5 {[%emt 0:00:34]} 10. dxc6 {[%emt 0:07:09]} Nxc6 {[%emt 0:02:30]} 11. e4 {[%emt 0:00:51]} Bg4 {[%emt 0:08:26]} 12. f3 {[%emt 0:06:17]} Be6 {[%emt 0:01:56]} 13. Nd5 {[%emt 0:01:09]} Rc8 {[%emt 0:20:02]} 14. Rb1 {[%emt 0:08:26]} a6 {[%emt 0:08:23]} 15. Kh1 {[%emt 0:07:55]} b5 {[%emt 0:01:35]} 16. b3 {[%emt 0:07:24]} bxc4 {[%emt 0:03:21]} 17. bxc4 {[%emt 0:07:43]} Nd7 {[%emt 0:01:05]} 18. f4 {[%emt 0:04:15]} Nc5 {[%emt 0:01:50]} 19. f5 {[%emt 0:08:33]} Bxd5 {[%emt 0:01:22]} 20. cxd5 {[%emt 0:01:37]} Ne5 {[%emt 0:00:27]} 21. Nb3 {[%emt 0:04:56]} Na4 {[%emt 0:04:58]} 22. Bd2 {[%emt 0:03:58]} Nc3 {[%emt 0:11:33]} 23. Bxc3 {[%emt 0:00:07]} Rxc3 {[%emt 0:00:01]} 24. Rc1 {[%emt 0:00:43]} Rxc1 {[%emt 0:03:21]} 25. Qxc1 {[%emt 0:00:22]} Qb6 {[%emt 0:04:05]} 26. fxg6 {[%emt 0:01:19]} hxg6 {[%emt 0:01:22]} 27. Bf3 {[%emt 0:05:11]} a5 {[%emt 0:02:46]} 28. Be2 {[%emt 0:03:40]} a4 {[%emt 0:01:13]} 29. Na1 {[%emt 0:02:35]} Qd4 {[%emt 0:00:56]} 30. Qc2 {[%emt 0:01:05]} Rb8 {[%emt 0:00:23]} 31. Rb1 {[%emt 0:03:34]} Rxb1+ {[%emt 0:01:52]} 32. Qxb1 {[%emt 0:00:18]} Kh7 {[%emt 0:00:10]} 33. Qd1 {[%emt 0:04:05]} Qxe4+ {[%emt 0:00:32]} 34. Kg1 {[%emt 0:00:10]} Nc4 {[%emt 0:05:14]} 35. Nc2 {[%emt 0:01:59]} Bh6 {[%emt 0:03:02]} 36. Qd3 {[%emt 0:01:03]} Be3+ {[%emt 0:02:08]} 37. Nxe3 {[%emt 0:01:01]} Qxe3+ {[%emt 0:00:08]} 38. Kf1 {[%emt 0:01:05]} Qxd3 {[%emt 0:01:39]} 39. Bxd3 {[%emt 0:00:18]} Ne3+ {[%emt 0:00:23]} 40. Ke2 {[%emt 0:00:57]} Nxd5 {[%emt 0:00:02]} 41. Bc4 {[%emt 0:00:17]} Nc7 {[%emt 0:00:50]} 42. Kd2 {[%emt 0:01:26]} d5 {[%emt 0:00:13]} 43. Be2 {[%emt 0:00:17]} e5 {[%emt 0:00:47]} 44. Kc3 {[%emt 0:00:42]} d4+ {[%emt 0:00:42]} 45. Kb4 {[%emt 0:00:55]} Nd5+ {[%emt 0:00:10]} 46. Kc4 {[%emt 0:00:42]} Nc3 {[%emt 0:00:05]} 47. Bd3 {[%emt 0:00:51]} f5 {[%emt 0:00:28]} 48. a3 {[%emt 0:00:13]} Kg7 {[%emt 0:00:10]} 49. Bc2 {[%emt 0:00:13]} Kf6 {[%emt 0:00:12]} 50. Kb4 {[%emt 0:01:07]} e4 {[%emt 0:00:22]} 51. Kc4 {[%emt 0:00:55]} Ke5 {[%emt 0:00:06]} 52. h4 {[%emt 0:00:11]} d3 {[%emt 0:02:41]} 0-1

[Event "CZE-ch Amateurs 2022"]
[Site "Luhacovice"]
[Date "2022.03.17"]
[Round "7.11"]
[White "Bures, Vit"]
[Black "Dvorak, Milan"]
[Result "1-0"]
[WhiteElo "2121"]
[BlackElo "1838"]
[Annotator "ChessBase"]
[PlyCount "93"]
[EventDate "2022.03.12"]
[EventType "swiss"]
[EventCountry "CZE"]
[SourceTitle "playchess.com"]
[Source "ChessBase"]
[SourceQuality "1"]
[TimeControl "5400+30"]

1. d4 {[%emt 0:00:05]} d5 {[%emt 0:00:19]} 2. c4 {[%emt 0:00:03]} e6 {[%emt 0:00:10]} 3. Nc3 {[%emt 0:00:04]} Nf6 {[%emt 0:00:07]} 4. cxd5 {[%emt 0:00:02]} Nxd5 {[%emt 0:01:21]} 5. e4 {[%emt 0:00:03]} Nxc3 {[%emt 0:01:09]} 6. bxc3 {[%emt 0:00:03]} Be7 {[%emt 0:00:44]} 7. Nf3 {[%emt 0:00:24]} O-O {[%emt 0:02:48]} 8. Bc4 {[%emt 0:07:41]} Nd7 {[%emt 0:20:07]} 9. O-O {[%emt 0:01:50]} Nb6 {[%emt 0:02:11]} 10. Bb3 {[%emt 0:03:43]} c5 {[%emt 0:00:10]} 11. a4 {[%emt 0:01:13]} c4 {[%emt 0:10:05]} 12. Bc2 {[%emt 0:02:21]} Bd7 {[%emt 0:00:43]} 13. Bf4 {[%emt 0:03:41]} f5 {[%emt 0:32:03]} 14. exf5 {[%emt 0:10:50]} exf5 {[%emt 0:01:51]} 15. d5 {[%emt 0:02:56]} Bf6 {[%emt 0:01:35]} 16. Be5 {[%emt 0:02:59]} Bxe5 {[%emt 0:06:09]} 17. Nxe5 {[%emt 0:02:03]} Qc7 {[%emt 0:00:39]} 18. Qd4 {[%emt 0:00:55]} Rac8 {[%emt 0:00:36]} 19. a5 {[%emt 0:00:45]} Na8 {[%emt 0:00:31]} 20. d6 {[%emt 0:00:55]} Qd8 {[%emt 0:03:09]} 21. Qd5+ {[%emt 0:00:24]} Kh8 {[%emt 0:00:30]} 22. Nf7+ {[%emt 0:00:10]} Rxf7 {[%emt 0:00:03]} 23. Qxf7 {[%emt 0:00:05]} Bc6 {[%emt 0:09:02]} 24. Qxf5 {[%emt 0:01:26]} g6 {[%emt 0:00:41]} 25. Qe5+ {[%emt 0:00:12]} Kg8 {[%emt 0:00:21]} 26. Rfe1 {[%emt 0:01:12]} Qd7 {[%emt 0:00:48]} 27. Rad1 {[%emt 0:00:39]} Rd8 {[%emt 0:00:56]} 28. Be4 {[%emt 0:03:21]} b6 {[%emt 0:02:34]} 29. Bd5+ {[%emt 0:01:35]} Bxd5 {[%emt 0:00:12]} 30. Qxd5+ {[%emt 0:00:10]} Kf8 {[%emt 0:00:19]} 31. Re7 {[%emt 0:00:21]} Qf5 {[%emt 0:00:34]} 32. Qxf5+ {[%emt 0:00:33]} gxf5 {[%emt 0:00:12]} 33. Rxh7 {[%emt 0:00:08]} Kg8 {[%emt 0:00:36]} 34. Rxa7 {[%emt 0:00:06]} bxa5 {[%emt 0:00:01]} 35. Rxa5 {[%emt 0:00:16]} Nb6 {[%emt 0:00:54]} 36. Rxf5 {[%emt 0:00:07]} Nd7 {[%emt 0:00:12]} 37. h4 {[%emt 0:00:12]} Kg7 {[%emt 0:01:02]} 38. Rd4 {[%emt 0:00:30]} Nf6 {[%emt 0:00:20]} 39. g4 {[%emt 0:00:13]} Kg6 {[%emt 0:00:16]} 40. h5+ {[%emt 0:00:09]} Kg7 {[%emt 0:00:50]} 41. Kg2 {[%emt 0:00:17]} Nh7 {[%emt 0:00:31]} 42. g5 {[%emt 0:00:42]} Nf8 {[%emt 0:00:08]} 43. Re5 {[%emt 0:00:05]} Nd7 {[%emt 0:01:25]} 44. Re7+ {[%emt 0:00:05]} Kf8 {[%emt 0:01:03]} 45. h6 {[%emt 0:00:36]} Kg8 {[%emt 0:00:19]} 46. f4 {[%emt 0:01:00]} Nf8 {[%emt 0:00:35]} 47. d7 {[%emt 0:00:14]} 1-0